| 000 | 00439nam a2200157Ia 4500 | ||
|---|---|---|---|
| 003 | IQ-KOUCL | ||
| 041 | _aArabic | ||
| 082 | _a907,2 cut-268 ك | ||
| 100 | _a20260118u\\\\\\\\\\\y0engy0103\\\\ba | ||
| 100 | _aهيفاء فاضل كاظم | ||
| 245 | 0 | _aالاله نركال دارسة تاريخية | |
| 250 | _aط1 | ||
| 260 |
_bصفحات للنشر والتوزيع _aدمشق - سوريا _c2020 |
||
| 300 | _a203 | ||
| 942 | _cBk | ||
| 999 |
_c185932 _d185932 |
||